[Event "CZE-ch U12"]
[Site "Kouty nad Desnou"]
[Date "2024.03.13"]
[Round "6"]
[White "Zrust, Lukas"]
[Black "Hladky, Mikulas"]
[Result "1/2-1/2"]
[WhiteElo "1893"]
[BlackElo "1798"]
[PlyCount "103"]
[EventDate "2024.03.09"]
[EventType "swiss"]
[EventRounds "9"]
[EventCountry "CZE"]
[SourceTitle "CB12_2024"]
[SourceDate "2023.10.01"]
[SourceVersion "1"]
[SourceVersionDate "2023.10.01"]
[SourceQuality "1"]

1. c4 e5 2. Nc3 Nf6 3. g3 c6 4. Bg2 Be7 5. d3 0-0 6. Nf3 d6 7. 0-0 Bg4 8. h3 Bxf3 9. Bxf3 Na6 10. Rb1 d5 11. cxd5 cxd5 12. a3 Nc7 13. b4 Rc8 14. Bd2 b6 15. Qa4 a6 16. Bg2 d4 17. Na2 b5 18. Qb3 Ne6 19. Rbc1 Qd7 20. Rxc8 Rxc8 21. Rc1 Rxc1+ 22. Nxc1 h6 23. Qc2 Qc7 24. Qxc7 Nxc7 25. e4 Bd6 26. Nb3 Ne6 27. Kf1 Kf8 28. Ke2 Ke7 29. h4 Ne8 30. Bh3 N8c7 31. Bxe6 Nxe6 32. Kf3 Kf6 33. Kg4 Ke7 34. f4 f6 35. fxe5 fxe5 36. Na5 Nd8 37. Kf5 Kf7 38. h5 Bc7 39. Nb3 Bd6 40. Na5 Bc7 41. Nb3 Bd6 42. g4 Nc6 43. g5 Ne7+ 44. Kg4 hxg5 45. Bxg5 Nc6 46. Bd2 Kf6 47. Bg5+ Kf7 48. Bd2 Kf6 49. h6 gxh6 50. Bxh6 Ke6 51. Bg5 Bf8 52. Bd2 1/2-1/2

[Event "CZE-ch U12"]
[Site "Kouty nad Desnou"]
[Date "2024.03.10"]
[Round "2"]
[White "Zrust, Lukas"]
[Black "Malek, Daniel1"]
[Result "1-0"]
[WhiteElo "1893"]
[BlackElo "1708"]
[PlyCount "77"]
[EventDate "2024.03.09"]
[EventType "swiss"]
[EventRounds "9"]
[EventCountry "CZE"]
[SourceTitle "CB12_2024"]
[SourceDate "2023.10.01"]
[SourceVersion "1"]
[SourceVersionDate "2023.10.01"]
[SourceQuality "1"]

1. c4 e5 2. Nc3 d6 3. g3 Be6 4. Bg2 c6 5. d3 f5 6. e3 Nf6 7. Nge2 Be7 8. 0-0 0-0 9. b3 Qe8 10. d4 Qg6 11. d5 Bd7 12. dxc6 bxc6 13. Ba3 Nh5 14. Nb5 f4 15. exf4 exf4 16. Ned4 Bf6 17. Nc7 Bxd4 18. Qxd4 f3 19. Nxa8 fxg2 20. Rfe1 c5 21. Qd5+ Kh8 22. Nc7 Bc6 23. Qe6 Qc2 24. Re2 Qc3 25. Bb2 Qf3 26. Qe3 Qf7 27. Nb5 Bxb5 28. cxb5 Nd7 29. Rd1 Nhf6 30. Bxf6 Nxf6 31. Qe7 g6 32. Qxf7 Rxf7 33. Rxd6 Kg7 34. Kxg2 Rb7 35. a4 Kf7 36. Rc6 Nd7 37. f4 Kf8 38. g4 Kf7 39. Kg3 1-0

[Event "Jesenik op-B"]
[Site "Jesenik"]
[Date "2023.08.22"]
[Round "4"]
[White "Zrust, Lukas"]
[Black "Filip, Tomas1111"]
[Result "0-1"]
[WhiteElo "1515"]
[BlackElo "1960"]
[PlyCount "72"]
[EventDate "2023.08.19"]
[EventType "swiss"]
[EventRounds "9"]
[EventCountry "CZE"]
[SourceTitle "EXT 2024"]
[Source "ChessBase"]
[SourceDate "2023.10.10"]
[SourceVersion "1"]
[SourceVersionDate "2023.10.10"]
[SourceQuality "1"]

1. c4 e5 2. Nc3 Nf6 3. g3 d5 4. cxd5 Nxd5 5. Bg2 Nb6 6. Nf3 Nc6 7. d3 Be7 8. 0-0 Be6 9. a3 h5 10. e3 h4 11. d4 hxg3 12. fxg3 exd4 13. exd4 Qd7 14. Ne5 Nxe5 15. dxe5 Bc5+ 16. Kh1 0-0-0 17. Qf3 Rxh2+ 18. Kxh2 Rh8+ 19. Bh3 Bxh3 20. Be3 Bxf1+ 21. Kg1 Bxe3+ 22. Kxf1 Qd3+ 23. Ne2 Rh2 24. e6 Rf2+ 25. Qxf2 Bxf2 26. e7 Kd7 27. Kxf2 Kxe7 28. Re1 Kf8 29. Rc1 Nd5 30. Rh1 Qe3+ 31. Ke1 Nf6 32. Rh8+ Ke7 33. Rc8 Ne4 34. Rxc7+ Kd6 35. Rc2 Qf2+ 36. Kd1 Qf1# 0-1

[Event "EU Union-ch U10"]
[Site "Pec pod Snezkou"]
[Date "2022.08.28"]
[Round "7"]
[White "Janouskova, Eliska"]
[Black "Zrust, Lukas"]
[Result "0-1"]
[WhiteElo "1330"]
[BlackElo "1344"]
[PlyCount "108"]
[EventDate "2022.08.22"]
[EventType "swiss"]
[EventRounds "9"]
[EventCountry "CZE"]
[SourceTitle "EXT 2023"]
[Source "ChessBase"]
[SourceDate "2022.10.05"]
[SourceVersion "1"]
[SourceVersionDate "2022.10.05"]
[SourceQuality "1"]

1. e4 d5 2. exd5 Qxd5 3. Nc3 Qd6 4. d4 Nf6 5. Nb5 Qd8 6. Bf4 Na6 7. Nc3 g6 8. Bb5+ Bd7 9. Bxa6 bxa6 10. Nf3 Bg7 11. 0-0 0-0 12. Re1 Rb8 13. b3 Rb4 14. a3 Rb7 15. Qe2 Bg4 16. h3 Bxf3 17. Qxf3 Rb8 18. Rad1 e6 19. Qc6 Rb6 20. Qc4 Qa8 21. Qd3 Qc8 22. Na4 Rb5 23. Nc5 Rd8 24. Qe2 Nd5 25. Qd2 Rxc5 26. dxc5 Bc3 27. Qc1 Nxf4 28. Qxf4 Bxe1 29. Rxe1 Qd7 30. Qe3 Qd2 31. Qxd2 Rxd2 32. Rc1 Kg7 33. Kf1 Kf6 34. Ke1 Rd5 35. b4 c6 36. Ke2 e5 37. Ke3 Ke6 38. c3 f5 39. g3 g5 40. f3 h5 41. Re1 a5 42. Rc1 a6 43. Re1 axb4 44. axb4 a5 45. bxa5 Rxc5 46. Ra1 Rxc3+ 47. Kf2 Rb3 48. a6 Rb8 49. Ke3 Kd6 50. f4 g4 51. fxe5+ Kxe5 52. Ra5+ Kf6 53. h4 Rb3+ 54. Kf4 Rf3# 0-1

[Event "EU Union-ch U10"]
[Site "Pec pod Snezkou"]
[Date "2022.08.26"]
[Round "5"]
[White "Kusova, Nikola"]
[Black "Zrust, Lukas"]
[Result "1-0"]
[WhiteElo "1224"]
[BlackElo "1344"]
[PlyCount "121"]
[EventDate "2022.08.22"]
[EventType "swiss"]
[EventRounds "9"]
[EventCountry "CZE"]
[SourceTitle "EXT 2023"]
[Source "ChessBase"]
[SourceDate "2022.10.05"]
[SourceVersion "1"]
[SourceVersionDate "2022.10.05"]
[SourceQuality "1"]

1. e4 g6 2. d4 Bg7 3. c3 c5 4. dxc5 Qa5 5. Be3 Nc6 6. Nd2 Nf6 7. Ngf3 Ng4 8. Qe2 Nxe3 9. Qxe3 0-0 10. Nd4 Qxc5 11. Nf5 Qxe3+ 12. Nxe3 d6 13. h4 h5 14. Be2 Be6 15. f4 Bh6 16. Nd5 Bxd5 17. exd5 Nd8 18. g3 e6 19. c4 exd5 20. cxd5 f5 21. Rc1 Rf7 22. Kf2 Re7 23. Rc3 Bg7 24. Rc2 Bd4+ 25. Kf1 Bb6 26. Nf3 Nf7 27. Kg2 Rae8 28. Bb5 Rf8 29. Rhc1 Bc5 30. a3 a5 31. Ne1 Be3 32. Rd1 Bc5 33. Nd3 b6 34. b4 axb4 35. axb4 Bd4 36. Rdd2 Bg7 37. Re2 Rxe2+ 38. Rxe2 Rc8 39. Bc6 Kf8 40. Re6 Nh8 41. Rxd6 Ke7 42. Re6+ Kf7 43. Ne5+ Bxe5 44. fxe5 Rd8 45. Rf6+ Kg7 46. d6 Nf7 47. Re6 Kh6 48. d7 Rb8 49. Re8 Rd8 50. e6 Ne5 51. Rxd8 Nxc6 52. Rh8+ Kg7 53. d8Q Nxd8 54. Rxd8 Kf6 55. Rd6 b5 56. e7+ Kxe7 57. Rxg6 f4 58. gxf4 Kf7 59. Rh6 Kg7 60. Rxh5 Kg6 61. Rxb5 1-0

[Event "CZE-ch U12"]
[Site "Herlikovice"]
[Date "2021.10.25"]
[Round "3"]
[White "Stefaniv, Vladislav"]
[Black "Zrust, Lukas"]
[Result "0-1"]
[WhiteElo "1244"]
[BlackElo "1273"]
[PlyCount "64"]
[EventDate "2021.10.23"]
[EventType "swiss"]
[EventRounds "9"]
[EventCountry "CZE"]
[SourceTitle "EXT 2023"]
[Source "ChessBase"]
[SourceDate "2022.10.05"]
[SourceVersion "1"]
[SourceVersionDate "2022.10.05"]
[SourceQuality "1"]

1. e4 c5 2. Nf3 Nc6 3. d4 cxd4 4. Nxd4 g6 5. c4 Bg7 6. Be3 d6 7. Nc3 Nf6 8. Be2 0-0 9. 0-0 Bd7 10. Qd2 Ng4 11. Bxg4 Bxg4 12. Nxc6 bxc6 13. b4 Be6 14. c5 dxc5 15. bxc5 Qa5 16. Rac1 Rfd8 17. Qc2 Bxc3 18. Qxc3 Qxc3 19. Rxc3 Bxa2 20. Ra3 Bc4 21. Rc1 Bb5 22. Ra5 a6 23. g3 Rdc8 24. Rd1 Rc7 25. Kg2 Kg7 26. Kf3 Kf6 27. Kf4 Rb7 28. e5+ Kg7 29. Ke4 f5+ 30. exf6+ exf6 31. Kf4 Kf7 32. Kg4 Be2+ 0-1